000 00339nam a2200157Ia 4500
008 210210b xxu||||| |||| 00| 0 eng d
041 _aeng
082 _a873/48
100 _aNARAYANA PANIKKAR (R)
245 _aSita nirvasam
260 _a
_b-
_c
650 _aSita
650 _anirvasam
690 _aMalayalam Drama
906 _a002572
999 _c124542
_d124542